Iorana and Goodbye: una base yanqui en Rapa Nui
Guardat en:
| Autor principal: | |
|---|---|
| Format: | Llibre |
| Idioma: | espanyol |
| Publicat: |
Santiago
Pehuén
2016
|
| Edició: | 1a. ed |
| Matèries: | |
| Etiquetes: |
Afegir etiqueta
Sense etiquetes, Sigues el primer a etiquetar aquest registre!
|
MARC
| LEADER | 00000cam a2200000 a 4500 | ||
|---|---|---|---|
| 001 | UCC0013 | ||
| 003 | CL-VaPUC | ||
| 008 | 170713e20160000cl |||||||||||||||||spa|d | ||
| 020 | |a 9789561606579 | ||
| 082 | 0 | 4 | |a 996.18 |b STA |2 21 |
| 100 | 0 | |a Stambuk Mayorga, Patricia |e author |9 593967 | |
| 245 | 1 | 0 | |a Iorana and Goodbye: una base yanqui en Rapa Nui |
| 250 | |a 1a. ed | ||
| 300 | |a 344 p | ||
| 942 | |c BK | ||
| 945 | |d 20170713 16:08:00 |a dcastane | ||
| 260 | |a Santiago |b Pehuén |c 2016 | ||
| 650 | 7 | |a ISLA DE PASCUA |2 CL-VaPUC |9 496095 | |
| 650 | 0 | |a Vida y costumbres |9 611784 | |
| 583 | |a last modification |c 20181219 04:43:53 |k Rodrigo Vera | ||
| 999 | |c 369011 |d 369009 | ||
| 952 | |0 0 |1 0 |3 erb |4 0 |6 996_180000000000000_STA_2016 |7 0 |8 X |9 484533 |a FDOBUD |b FDOBUD |i 5407702 |o 996.18 STA 2016 |p 5407702 |r 2019-11-24 |w 2019-11-24 |y BK_X |z Catalogado en:20170713 |k FHP | ||
| 952 | |0 0 |1 0 |3 erb |4 0 |6 996_180000000000000_STA_2016 |7 0 |8 A |9 484534 |a BIBCUR |b BIBCUR |i 552430K |o 996.18 STA 2016 |p 552430K |r 2025-04-22 |w 2019-11-24 |y BK |z Catalogado en:20181220 |k PER | ||